Ο αντίχριστος

Αποθηκεύτηκε σε:
Λεπτομέρειες βιβλιογραφικής εγγραφής
Κύριος συγγραφέας: Nietzsche, Friedrich Wilhelm, 1844-1900
Άλλοι συγγραφείς: Μεραναίος, Κωστής Λ., 1913-1986 (Μεταφραστής)
Μορφή: Βιβλίο
Γλώσσα:Greek
German
Δημοσίευση: Αθήναι : Ωρίων, [1943].
Θέματα:
Ετικέτες: Προσθήκη ετικέτας
Δεν υπάρχουν, Καταχωρήστε ετικέτα πρώτοι!

MARC

LEADER 00000cam a2200000 i 4500
001 1/87636
008 051018q19401950gr | ||| |||| ||gre||
035 |l 10080872 
040 |a GR-MY-UA  |b gre  |e aacr 
041 1 |a gre  |h ger 
082 7 |a 100   |2 (22) 
100 1 |a Nietzsche, Friedrich Wilhelm,   |d 1844-1900. 
245 1 2 |a Ο αντίχριστος /   |c Φρειδερίκου Νίτσε ; μεταφραστής: Κ. Λ. Μεραναίος.  
260 |a Αθήναι :   |b Ωρίων,   |c [1943].  
300 |a 83 σ. ;   |c 21 εκ.  
500 |a Με: Uber die Ursprunglichkeit der Wissenschaft / Hans Georg Gadamer. - Το μηδέν και το άριστα / Χάρη Καρρά. - Σχέσεις εκκλησίας και πολιτείας εξ επόψεως ορθοδόξου / Παναγιώτου Χ. Δημητροπούλου. - Το διεθνές συνέδριον επί της χριστιανικής δράσεως εν τη ταχεία κοινωνική αλλαγή / Ιωάννου Ορ. Καλογήρου. - Η κίνησις "una sancta" κατά παλαιοκαθολικήν θεώρησιν / Ιωάννου Ορ. Καλογήρου. - Βάκων, Καρτέσιος, Σπινόζας / Ιωάννου Αρνέλλου. - Το προπατορικόν αμάρτημα / Κωνστ. Ε. Παπαπέτρου. - Λόγος ενθρονιστήριος / Ιερωνύμου. - Το ισραήλ / Χρ. Ευελπίδη. - Σκέψεις για τις σημερινές ανάγκες της επιμορφώσεως των ενηλίκων / Θ. Χαραλαμπίδη . - Ομιλία εις ευτρόπιον / Ιωάννου του Χρυσοστόμου. - Ομιλία εις ευτρόπιον ύπατον / Ιωάννου του Χρυσοστόμου. - Ομιλία προς τους νέους / Βασιλείου του Μεγάλου. - Προσέξτε την υγεία σας / Υπουργείον Κοινωνικής Πρόνοιας. - Στοιχεία δικαίου ιθαγένειας / Χρήστου Ι. Πίννη. - Προς τας εκπαιδευτικάς αρχάς του κράτους / Υπουργείον Εθνικής Παιδείας και Θρησκευμάτων. - Το παραστρατημένο παιδί / Ελπινίκης Σταματάκη. - Ο θεός εν τη επιστήμη / Ιωάννου Γ. Αρνέλλου  
500 |a Μετάφραση του: Der Antichrist 
650 0 0 |a Church history  |y Primitive and early church, ca. 30-600. 
650 0 0 |a Antichrist. 
700 1 |a Μεραναίος, Κωστής Λ.,   |d 1913-1986,  |e trl 
852 |a INST  |b RHODES  |c KRI  |e 20051018  |h  100 GAD  |p 005400027550  |q 005400027550  |t BK  |y 0 
901 |a BIBL4-2005-3 
909 |a Ρ  |b 122317 
970 |a ΚΟΖΑ  |b ΜΑΡΙΑ  |z 2005/10/18